Grid computing: A practical guide to technology and applications (Record no. 896)

MARC details
000 -LEADER
fixed length control field 00370nam a2200133Ia 4500
008 - FIXED-LENGTH DATA ELEMENTS--GENERAL INFORMATION
fixed length control field 130318s9999 xx 000 0 und d
020 ## - INTERNATIONAL STANDARD BOOK NUMBER
International Standard Book Number 8170086264
082 ## - DEWEY DECIMAL CLASSIFICATION NUMBER
Classification number 005.276 ABB/G
100 ## - MAIN ENTRY--PERSONAL NAME
Personal name Abbas, Ahmar
245 ## - TITLE STATEMENT
Title Grid computing: A practical guide to technology and applications
260 ## - PUBLICATION, DISTRIBUTION, ETC.
Name of publisher, distributor, etc. Firewall Media
Place of publication, distribution, etc. New Delhi
Date of publication, distribution, etc. 2004
300 ## - PHYSICAL DESCRIPTION
Extent 408
650 ## - SUBJECT ADDED ENTRY--TOPICAL TERM
Topical term or geographic name entry element GRID COMPUTING
Holdings
Withdrawn status Lost status Damaged status Not for loan Collection code Home library Current library Shelving location Date acquired Cost, normal purchase price Total Checkouts Full call number Barcode Date last seen Date last checked out Price effective from Koha item type
        Grid Computing Kerala University of Digital Sciences, Innovation and Technology Knowledge Centre Kerala University of Digital Sciences, Innovation and Technology Knowledge Centre Computer Science 18/03/2013 251.00 1 005.276 ABB/G 903 20/07/2016 19/04/2016 18/03/2013 Books